000 00577nam a2200193 i 4500
001 bgj
100 1 _aBRUNNER, Hellmut.
245 1 0 _aAltägyptische Weisheit :
_bLehren für das Leben /
_cEingeleitet, Überetzt und Erläutert von Hellmut Brunner.
260 _aZürich :
_bArtemis Verlag,
_c1988.
300 _a527, [1], S. ;
_c18 cm.
504 _aBibliographie S. 427-524.
651 9 _aÄgypten
_xReligion
_xWeishait
020 _a3760836836
040 _cBPK
041 0 _ager
920 _a3-7608-3683-6
942 _cKS
008 s gw f |000 0 ger
999 _c50658
_d50658
856 _uhttp://koha.tu.koszalin.pl/cgi-bin/koha/opac-detail.pl?biblionumber=50658
_yKatalog online BPK